| 000 | 00331nam a22001217a 4500 | ||
|---|---|---|---|
| 008 | 260423b |||||||| |||| 00| 0 eng d | ||
| 082 | _a001276 | ||
| 100 | _aDvivedi, Rahasivahari | ||
| 245 | _aSanskrit Mahakavya Ka Samalochanatmaka Adhyana | ||
| 260 |
_aDelhi _bNew Bharatiya Book Corporation _c2019 |
||
| 300 | _a464p | ||
| 942 | _2ddc | ||
| 999 |
_c1278 _d1278 |
||